Situación poblacional según encuesta de caracterización socioeconómica CASEN 1990

محفوظ في:
التفاصيل البيبلوغرافية
مؤلف مشترك: MIDEPLAN (مؤلف)
التنسيق: كتاب
اللغة:الإسبانية
منشور في: Santiago MIDEPLAN 1991
سلاسل:Documentos Sociales
الموضوعات:
الوسوم: إضافة وسم
لا توجد وسوم, كن أول من يضع وسما على هذه التسجيلة!

MARC

LEADER 00000nam a2200000 a 4500
001 UCV2242
003 CL-VaPUC
008 920317e19910000CL |||||||||||||||||spa|d
082 0 4 |a 320.156  |b MID  |2 21 
110 2 |a MIDEPLAN  |e author  |9 296514 
245 1 0 |a Situación poblacional según encuesta de caracterización socioeconómica CASEN 1990 
300 |a 29 h 
942 |c BK 
945 |d 19920317 00:00:00 
260 |a Santiago  |b MIDEPLAN  |c 1991 
650 0 |a Población  |9 257577 
583 |a last modification  |c 19920317 00:00:00  |k Rodrigo Vera 
490 0 |a Documentos Sociales 
999 |c 209891  |d 209889 
952 |0 0  |1 0  |4 0  |6 320_156000000000000_MID_1991  |7 0  |8 P  |9 185744  |a BIBGIM  |b BIBGIM  |d 2019-11-14  |i 2531917  |o 320.156 MID 1991  |p 2531917  |r 2025-01-15  |w 2019-11-14  |y BK  |k SSL 
952 |0 0  |1 0  |2 ddc  |4 0  |6 320_156000000000000_MID_1991  |7 0  |8 A  |9 185745  |a BIBDER  |b BIBDER  |d 2019-11-14  |i 2531925  |o 320.156 MID 1991  |p 2531925  |r 2023-01-25  |w 2019-11-14  |y MX  |k DER 
952 |0 0  |1 0  |4 0  |6 320_156000000000000_MID_1991  |7 0  |8 P  |9 185746  |a BIBENE  |b BIBENE  |d 2019-11-14  |i 1985205  |o 320.156 MID 1991  |p 1985205  |r 2025-01-15  |w 2019-11-14  |y BK  |k ICO 
952 |0 0  |1 0  |4 0  |6 320_156000000000000_MID_1991  |7 0  |8 P  |9 185747  |a BIBGIM  |b BIBGIM  |d 2019-11-14  |i 1985256  |o 320.156 MID 1991  |p 1985256  |r 2025-01-15  |w 2019-11-14  |y BK  |k SSL